Top 10 Oldest Living NBA DPOY's - Statistics

General Stats
  • This quiz has been taken 11 times
  • The average score is 5 of 10
Answer Stats
Age DPOY % Correct
60 Dennis Rodman
70%
59 Hakeem Olajuwon
70%
56 David Robinson
60%
55 Dikembe Mutombo
60%
59 Michael Jordan
60%
53 Gary Payton
50%
59 Alvin Robertson
40%
66 Michael Cooper
40%
64 Sidney Moncrief
40%
52 Alonzo Mourning
30%
No matching quizzes found
Score Distribution
Percent of People with Each Score
Percentile by Number Answered
Your Score History
You have not taken this quiz